000 00475nam a2200169 i 4500
001 bg
100 1 _aBŁĘDZKI, Andrzej
245 0 _aOznaczenie mas cząsteczkowych polimerów i ich rozkładu /
_cA. Błędzki, St. Spychaj, T. Spychaj.
260 _aSzczecin,
_c1981.
700 1 _aSPYCHAJ, Stanisław
700 1 _aSPYCHAJ, Tadeusz
040 _cBPK
041 _apol
080 _a678.7:541.4:543](075.8)
942 _cKS
008 s pl f |000 0 pol
999 _c20971
_d20971
856 _uhttp://koha.tu.koszalin.pl/cgi-bin/koha/opac-detail.pl?biblionumber=20971
_yKatalog online BPK